000 00956nam a2200325Ia 4500
001 84549
003 IT-RoPAU
008 130308s9999 xx 000 0 und d
040 _aIT-RoPAU
040 _cIT-RoPAU
041 _aITALIANO
100 _aVirilio Paul
100 _gCodice Aut. SPICS: 629
240 _aMACHINE DE VISION (LA)
240 _gCodice Tit. Orig. Spics: 79654
245 _aMacchina che vede (La)-L'automazione della percezione
245 _bMacchina che Vede (La)-L'Automazione della Percezione
250 _a1a ed.
260 _aMILANO
260 _bSugarco
260 _c1989 [1° Ed.:1989 - Ed.Ling.Originale:1988]
300 _a"200 p. (prefazione: no ; testo: 200 [pagine: 0-0])"
500 _aAmnesia topografica meno di Un'Immagine immagine Pubblica Macchina che Vede
650 _aEPISTEMOLOGIA
650 _eCodice materia Spics: 3051
942 _cBK
957 _71
999 _c65344
_d65344
999 _bSI
999 _g1